Computer networks (Record no. 196968)

MARC details
000 -LEADER
fixed length control field 00490nam a2200205Ia 4500
003 - CONTROL NUMBER IDENTIFIER
control field OSt
005 - DATE AND TIME OF LATEST TRANSACTION
control field 20250124151410.0
008 - FIXED-LENGTH DATA ELEMENTS--GENERAL INFORMATION
fixed length control field 231217s9999 xx 000 0 und d
020 ## - INTERNATIONAL STANDARD BOOK NUMBER
International Standard Book Number 8120311655
040 ## - CATALOGING SOURCE
Transcribing agency 0
041 ## - LANGUAGE CODE
Language code of text/sound track or separate title English
082 ## - DEWEY DECIMAL CLASSIFICATION NUMBER
Classification number 001.64404 TAN;175
100 ## - MAIN ENTRY--PERSONAL NAME
Personal name Tanenbaum, Andrew S.
245 #0 - TITLE STATEMENT
Title Computer networks
250 ## - EDITION STATEMENT
Edition statement 4th ed.
260 ## - PUBLICATION, DISTRIBUTION, ETC.
Date of publication, distribution, etc. 1996
Name of publisher, distributor, etc. Prentice-Hall Inc.
Place of publication, distribution, etc. New Delhi
300 ## - PHYSICAL DESCRIPTION
Extent xvii, 813
650 ## - SUBJECT ADDED ENTRY--TOPICAL TERM
Topical term or geographic name entry element Computer,networks
942 ## - ADDED ENTRY ELEMENTS (KOHA)
Koha item type Books
Source of classification or shelving scheme Dewey Decimal Classification
Holdings
Date last seen Total checkouts Full call number Accession number Price effective from Category Public note Lost status Damaged status Department Withdrawn status Home library Current library Shelving location Entry date Grants Currency symbol Conversion rate Discount Old discount
26/01/2024   001.64404 TAN;175 90051 26/01/2024 Books BK Books     Central Library   Central Library Central Library Central Library 26/08/2015 MCA RS 1    
26/01/2024   001.64404 TAN;176 90052 26/01/2024 Books BK Books     Central Library   Central Library Central Library Central Library 26/08/2015 MCA RS 1    
26/01/2024   001.64404 TAN;177 90578 26/01/2024 Books       TC   Central Library Central Library TC 26/05/2016 DONATED RS 1    
26/01/2024   001.64404 TAN;178 91419 26/01/2024 Books       EC   Central Library Central Library   11/07/2017 EC RS 1    

© For any Suggestions or Query, please contact the library staff @ librarian@pes.edu or Phone: +9180 2672 1983/ 2108.